Statistics for Is Y a Vowel? Click Quiz

Click here to take the quiz!

General Stats

  • This quiz has been taken 61 times
  • The average score is 12 of 15

Answer Stats

HintAnswer% Correct
YesNot a vowel
91%
SynergiesVowel
91%
BarnyardNot a vowel
87%
HomilyVowel
85%
YeomanNot a Vowel
83%
YouNot a Vowel
83%
CryptVowel
83%
EnergyVowel
83%
TryingVowel
77%
YvonneVowel
77%
BeyondNot a vowel
74%
LawyerNot a vowel
70%
GainsayVowel
70%
HighwayVowel
68%
StayingVowel
49%

Score Distribution

Percentile by Number Answered

Percent of People with Each Score

Your Score History

You have not taken this quiz